| 000 | 01625cam a22004454i 4500 | ||
|---|---|---|---|
| 003 | PE-LiUPU | ||
| 005 | 20250731173501.0 | ||
| 008 | 150616s r 000 0 d | ||
| 035 | _a(Sirsi) a6912 | ||
| 040 |
_aPE-LiUPU _bspa _cPE-LiUPU _erda |
||
| 049 | _aPRUA | ||
| 082 | 0 | 4 |
_a236.22 _bB23 _221 |
| 100 | 1 |
_aBarr, James, _eautor. |
|
| 245 | 1 | 4 | _aThe Garden of Eden and the Hope of Immortality. |
| 264 | 1 |
_aMinneapolis : _bFortress Press, _c1993. |
|
| 300 |
_a146 páginas ; _c21 cm. |
||
| 336 |
_atext _2rdacontent |
||
| 337 |
_aunmediated _2rdamedia |
||
| 338 |
_avolume _2rdacarrier |
||
| 505 | 0 | _aAdam and Eve, and the Chance of Immortality -- The Naturalness fo Death, and the Path to Immortality -- Knowledge, Sexuality and Immortality -- Noah's Ark: Time, Chronology and the Fall -- Immortality and Resurrection: Conflict or Complementarity?. | |
| 526 | _aSEG42 | ||
| 526 | _aSEG41 | ||
| 526 | _aSEG40 | ||
| 526 | _aSEG39 | ||
| 526 | _aP94 | ||
| 526 | _aP87 | ||
| 526 | _aP86 | ||
| 526 | _aP85 | ||
| 526 | _aP77 | ||
| 526 | _aP76 | ||
| 526 | _aP35 | ||
| 650 | 0 | 4 | _aEDEN - CRITICA, INTERPRETACION, ETC. |
| 910 |
_ajck _bjvq _cjck |
||
| 942 |
_2ddc _cBOOK |
||
| 949 |
_a236.22 B23 _wDEWEY _c1 _i40295 _lCCODEBUL1 _mBUL _p00.00 _r0 _sY _tBOOK _u19950104 _xTEOLOGIA _zUNKNOWN _0COMPRA _o.STAFF. Colección General |
||
| 994 |
_aC0 _bPEPRU |
||
| 596 | _a1 | ||
| 999 |
_a236.22 B23 _wDEWEY _c58097 _i40295 _f2021-11-11 _g5 _lCCODEBUL1 _mBUL _r0 _sY _tBOOK _u2015-6-16 _xTEOLOGIA _zUNKNOWN _0COMPRA _o.STAFF. Colección General _d58097 |
||
| 980 |
_81 _gALBERTO SANCHEZ Responsable de Automatización |
||